| 000 | 01073naa a2200289 4500 | ||
|---|---|---|---|
| 001 | 45472 | ||
| 003 | ES-MaCES | ||
| 005 | 20150925142056.0 | ||
| 008 | 000000s2014 xxk||||| t||||||| ||eng d | ||
| 040 |
_aES-MaCES _bspa _cES-MaCES |
||
| 100 | 1 |
_935392 _aChiroleu-Assouline, Mireille |
|
| 245 | 1 | 0 |
_aFrom regressive pollution taxes to progressive environmental tax reforms _cMireille Chiroleu-Assouline, Mouez Fodha |
| 500 | _aResumen | ||
| 504 | _aBibliografía: p. 141-142 | ||
| 650 | 4 |
_927791 _acontaminación |
|
| 650 | 4 |
_928082 _apolítica fiscal |
|
| 650 | 4 |
_929422 _apolítica ambiental |
|
| 650 | 4 |
_930785 _adesarrollo sostenible |
|
| 650 | 4 |
_927033 _abienestar |
|
| 650 | 4 |
_929536 _amétodo estadístico |
|
| 653 | 1 | 0 | _aMedio ambiente |
| 650 | 4 |
_928086 _aimpuesto |
|
| 700 | 1 |
_935393 _aFodha, Mouez |
|
| 773 | 0 |
_981900 _dAmsterdam (P.O. Box 211, 1000 AE) Elsevier Science _o084805 _tEuropean economic review _w(ES-MaCES)25173 _gvol. 69 (July 2014) {10156 R. 084805} ;p. 126-142 |
|
| 902 | _aART Artículo de revista | ||
| 942 |
_2CES _cAR _h4.2. |
||
| 999 |
_c45472 _d45472 |
||